The Bible, the church and homosexuality / (Record no. 4809)

MARC details
000 -LEADER
fixed length control field 00610cam a22002052 4500
001 - CONTROL NUMBER
control field 0000000585
005 - DATE AND TIME OF LATEST TRANSACTION
control field 20151217151750.0
008 - FIXED-LENGTH DATA ELEMENTS--GENERAL INFORMATION
fixed length control field 070212s xx 000 0 eng d
020 ## - INTERNATIONAL STANDARD BOOK NUMBER
Terms of availability KES
040 ## - CATALOGING SOURCE
Original cataloging agency KABU
Transcribing agency KABU
050 #0 - LIBRARY OF CONGRESS CALL NUMBER
Classification number BR115
Item number .H6B53
245 14 - TITLE STATEMENT
Title The Bible, the church and homosexuality /
Statement of responsibility, etc. ed. by Nicholas Coulton.
260 ## - PUBLICATION, DISTRIBUTION, ETC. (IMPRINT)
Place of publication, distribution, etc. London :
Name of publisher, distributor, etc. Darton,
Date of publication, distribution, etc. 2005.
300 ## - PHYSICAL DESCRIPTION
Extent x, 136 p.
650 #0 - SUBJECT ADDED ENTRY--TOPICAL TERM
Topical term or geographic name as entry element Homosexuality
General subdivision Religious aspects
-- Christianity.
-- 0000148819
700 1# - ADDED ENTRY--PERSONAL NAME
Personal name Coulton, Nicholas.
-- 0000148820
908 ## - PUT COMMAND PARAMETER (RLIN)
Put command parameter 070212
950 ## - LOCAL HOLDINGS (RLIN)
-- 1
Holdings
Withdrawn status Lost status Source of classification or shelving scheme Not for loan Home library Current library Date acquired Total Checkouts Full call number Barcode Date last seen Price effective from Koha item type
    Library of Congress Classification   Kabarak, Main Campus Kabarak, Main Campus 17/12/2015   BR115 .H6B53 000701 02/08/2024 17/12/2015 General Collection
Designed with assistance from East African Informatics Ltd